Loading...
| Religion | 0 | 7 | 1 | 2 | 65 | 76 | 100.86 | 1 | 6 | 0.00 | 0.00 |
| Science - Other | 0 | 7 | 2 | 0 | 60 | 86 | 99.14 | 2 | 4 | 0.00 | 0.00 |
| Science - Chemistry | 0 | 3 | 0 | 1 | 30 | 75 | 107.00 | 1 | 3 | 0.00 | 0.00 |
| Fine Arts - Other | 0 | 2 | 0 | 0 | 20 | 117 | 120.50 | 0 | 0 | 0.00 | 0.00 |
| History - Other | 0 | 2 | 0 | 1 | 20 | 105 | 125.00 | 1 | 1 | 0.00 | 0.00 |
| Science - Physics | 0 | 4 | 4 | 1 | 20 | 107 | 112.75 | 1 | 2 | 0.00 | 0.00 |
| Literature - American | 0 | 1 | 0 | 0 | 10 | 111 | 111.00 | 1 | 1 | 0.00 | 0.00 |
| History - World | 0 | 1 | 0 | 1 | 10 | 128 | 128.00 | 0 | 0 | 0.00 | 0.00 |
| Mythology | 0 | 1 | 0 | 0 | 10 | 103 | 103.00 | 0 | 0 | 0.00 | 0.00 |
| Other | 0 | 1 | 1 | 0 | 5 | 108 | 108.00 | 0 | 1 | 0.00 | 0.00 |
| History - American | 0 | 1 | 1 | 0 | 5 | 66 | 66.00 | 1 | 1 | 0.00 | 0.00 |